000 00310nam a2200145Ia 4500
005 20241026120207.0
008 241026s9999 xx 000 0 und d
082 _bGir
100 _aGirish Pande
245 0 _aHolistic Education
260 _bLucknow, Ankita
260 _c2009
300 _a99
942 _cDB
999 _c8717
_d8717